Quizzes
Events
Quiz Creation
Community
Videos
Private Events
Remove Ads
Sign In
Join for FREE
Feedback
Dark Mode
Quiz Categories
Sports
Geography
Music
Movies
Television
Just For Fun
Miscellaneous
History
Literature
Language
Science
Gaming
Entertainment
Religion
Holiday
For Kids
Quiz Lab
Recent
Popular Today
Quiz Kudos Today
Editor Picks
Curator Picks
Quizzes by...
Day
Popularity
Type
Ratings
Length
Year
Community
Subscriptions
Recent Discussions
Orange Saloon
Badges
Playlists
Quests
Create
Leaderboards
Showdown
Live 5
Trivia Bingo
Activity
Puzzle Library
Sporcle Events
Private Events
Virtual Trivia
Globe League
Become a Host
Pub Owners
SporcleCon
Opinionation
Our Games
Videos
Blog
Mobile Apps
Partnerships
Remove Ads and Go Orange
Feedback
Geography
Country
Landmarks
City
State
Population
World
Capital
Continent
Flags
Europe
Africa
Asia
South America
North America
Oceania
Border
Canada
United Kingdom
Topography
United States
Geography
Country
Landmarks
City
State
Population
World
Capital
Continent
Flags
Europe
Africa
Asia
South America
North America
Oceania
Border
Canada
United Kingdom
Topography
United States
Random Quiz
Search Sporcle
×
Quiz Lab
Quiz Lab
Geography
postal
Type in answers that appear in a list
Type in answers that appear in a list
Classic
Best Score? Go Orange.
Scottish Postcode Areas Stats
Can you name the Scottish Postcode Areas?
By
jack787
4m
16 Questions
380 Plays
380 Plays
380 Plays
Comments
Comments
Give Quiz Kudos
Give Quiz Kudos
-
- Ratings
hide this ad
Replay
Link that replays current quiz
Next Quiz
Link to next quiz in quiz playlist
You Got
0%
They Got
Avg Score
78%
Avg Friend Score
Upgrade to see
Score Distribution
Jump to the score distribution portion of the page
Score
0/16
Timer
04:00
0
Plays Today
Postcode Prefix
Area
% Correct
AB
Aberdeen
99.2%
DD
Dundee, Angus
97.4%
G
Glasgow, Lanarkshire
96.8%
ED
Edinburgh, Midlothian
96.3%
IV
Inverness
94.5%
FK
Falkirk, Stirlingshire
93.7%
PH
Perth, Perthshire
80.5%
DG
Dumfries and Galloway
78.9%
Postcode Prefix
Area
% Correct
KA
Kilmarnock and Ayr
75.5%
ML
Motherwell, Lanarkashire
73.7%
PA
Paisley, Renfrewshire
73.2%
KY
Kirkcaldy, Fife
72.4%
ZE
Shetland Islands (ZEtland)
66.8%
KW
Kirkwall, Caithness
58.7%
HS
Isle of Lewis, Outer Hebrides (HebrideS)
54.5%
TD
Galashiels, Selkirkshire (TweeD)
47.9%
Quiz Playlist
Details
Report
Send in Message
Add To Playlist
Classic:
Type in answers that appear in a list
Quiz Source
Last Updated: Feb 16, 2017
Quiz Scoreboard
CHALLENGE
Sign Up to Join the Scoreboard
Show All
Scores
Hide
Comments
May contain spoilers
Recently Published
College Basketball Coaching Resumes
by pancakes188
Sports
9m
Billboard Blitz: Fleetwood Mac
by CooCooCachoo
Music
15s
Presidents Visiting Landmarks
by Hejman
History
7m
More to Explore
Quiz From the Vault
Featured Blog Post
Where Did the Easter Bunny Come From?
hide this ad
You Might Also Like...
Tags
postal
Postal Abbreviations
postcode
Scotland
scottish
Scottish Council
Today's Top Quizzes in Geography
Browse Geography
hide this ad
Today's Top Quizzes in postal
Browse postal
Top Contributed Quizzes in Geography
1
Countries of the World - No Outlines Minefield
2
Top 25 Cities of France on a map
3
Any capital of a 'B' country per Continent
4
Any capital of a 'C' country per Continent
5
Closest Countries to UK A-Z
6
Any capital of a 'D' country per Continent
7
5-to-1: US Geography No Hints
8
Any capital of an 'E' country per Continent
9
Click the Alabama Counties! (Map)
10
One Thing in Common: United Kingdom
Explore More
Trending Topics
Crossword
Anime
Marvel
Harry Potter
Disney
NBA
Kpop
Soccer
NFL
WWE
Pokémon
Puzzle
Song
The Office
Country
hide this ad
More By:
jack787
Quiz
Plays
Rating
Category
Featured
Created
Shetland Islands
484
4.00
Geography
Dec 27, 2010
Scottish Postcode Areas
380
4.67
Geography
Dec 27, 2010
Scottish Airports by Code
313
4.00
Geography
Dec 27, 2010
Scottish New Towns
130
4.00
Geography
Dec 28, 2010
Union Jack Days
113
Holiday
Jan 2, 2011
Go to Creator's Profile
Score Distribution
Quiz Creator Spotlight
jack787
Follow
Send a Message
Quizzes Created
-
Created Quiz Play Count
-
More By This Creator
Popular Quizzes Today
1
Find the US States - No Outlines Minefield
2
Find the Countries of Europe - No Outlines Minefield
3
The Countries of the World
4
Find the US States
5
Risky Map Clicking: Biggest States A-Z
6
US States
7
Popular People in 1961
8
Movies - When Are They Set?
More Geography Quizzes
Reversed Map of the United States
Quiz Lab
Trending Quizzes
Risky Map Clicking: Least Populous States A-Z
1-10 Letter G Words
1-10 Letter F Words
Risky Map Clicking: Next State Alphabetically
Risky Map Clicking: Biggest States A-Z
Recently Updated
Leaping Animals
pecheneg
Reality TV Shows (A-Z)
bhenderson79
Rickey Henderson's Hall of Fame Teammates
pecheneg
Champions League XIs: Arsenal
pecheneg
Quick Pick: Celebrities in WWE's Hall of Fame
aduchscher
A-Z Keypad Blitz II
pecheneg
Multiple Oscar Actors
pecheneg
Mystery Phrase Blitz: Oscar 'Best Actors'
pecheneg
F. Scott Fitzgerald Novels
LTH
Pick 3 Villains
ddd62291
Trending Topics
Kpop
Anime
NBA
Harry Potter
Crossword
Marvel
Disney
Soccer
WWE
Pokémon
Puzzle
The Office
Country
NFL
Song
Your Account Isn't Verified!
In order to create a playlist on Sporcle, you need to verify the email address you used during registration. Go to your
Sporcle Settings
to finish the process.
Report this User
Report this user for behavior that violates our
Community Guidelines
.
Details:
Send Report
Go to the Sporcle.com Mobile Site →
Comments